00865nam a2200205 a 450000100100000000500170001000800410002702000150006804000250008310000390010824500800014726001110022730000370033849000300037550400330040571000600043883000390049895201050053799900170064200004108820201002034617.0130930s2000 sp 000 0 spa d a8400079884 aDO-SdBNPbspacBNPHU1 aAquilar Gutiérrez, Miguel96748610aBiomecánica :bla física y la fisiología /cMiguel Aguilar Gutierrez. aMadrid :bConsejo Superior de Investigaciones CientíficasbInstituto de de Ciencia de Materiales,c2000. a429 p. :bil., gráf. ;c28 cm.1 aTextos universitariosv30 aBibliografía : p. 413- 4292 aConsejo Superior de Investigaciones Científicas94786 0aTextos universitarios ;n30967487 001050718MOaGRbGRcCTd2013-09-17iLF1l0o p41088-10r2020-06-25w2020-06-25y1ZNo se presta c40578d40578